000 00582nam a22002177a 4500
003 UA-OsUOA
001 57051
007 ta
008 20081126b un ||||| |||| 00| 0 ukr d
100 _aОнопенко В.
090 _a34
_bО-59
942 _cSA
040 _aUA-OsUOA
_bukr
_cUA-OsUOA
_dUA-OsUOA
245 _aПолітична стабільність - запорука успішної судової реформи
300 _aС.5
955 _a0
041 _aukr
080 _a34
773 0 _w57050
650 7 _a34 Право. Юриспруденція
_2UDC
999 _c343130
_d343130